00402 2200157 4500001002100000005001500021035002000036245005400056100001900110300002800129260003100157082000800188084001400196020002200210990001200232INLIS00000000000305220250919075321 a0010-09250003991 aMandiri Fisika X Kurikulum 2013 /cNi Ketut Lasmi0 aNi Ketut Lasmi a149 hlm ;c17,5 x 25 cm aJakarta :bErlangga,c2016 a530 a530 NI m a978-602-434-026-1 a0755583